<?xml version="1.0" encoding="UTF-8"?><?xml-stylesheet type="text/xsl" href="static/style.xsl"?><OAI-PMH xmlns="http://www.openarchives.org/OAI/2.0/" xmlns:xsi="http://www.w3.org/2001/XMLSchema-instance" xsi:schemaLocation="http://www.openarchives.org/OAI/2.0/ http://www.openarchives.org/OAI/2.0/OAI-PMH.xsd"><responseDate>2026-04-17T11:50:38Z</responseDate><request verb="GetRecord" identifier="oai:www.recercat.cat:2072/481726" metadataPrefix="marc">https://recercat.cat/oai/request</request><GetRecord><record><header><identifier>oai:recercat.cat:2072/481726</identifier><datestamp>2025-08-31T17:49:48Z</datestamp><setSpec>com_2072_98</setSpec><setSpec>col_2072_378192</setSpec></header><metadata><record xmlns="http://www.loc.gov/MARC21/slim" xmlns:dcterms="http://purl.org/dc/terms/" xmlns:xsi="http://www.w3.org/2001/XMLSchema-instance" xmlns:doc="http://www.lyncode.com/xoai" xsi:schemaLocation="http://www.loc.gov/MARC21/slim http://www.loc.gov/standards/marcxml/schema/MARC21slim.xsd">
   <leader>00925njm 22002777a 4500</leader>
   <datafield ind2=" " ind1=" " tag="042">
      <subfield code="a">dc</subfield>
   </datafield>
   <datafield ind2=" " ind1=" " tag="720">
      <subfield code="a">Pubill Brugués, Joan</subfield>
      <subfield code="e">author</subfield>
   </datafield>
   <datafield ind2=" " ind1=" " tag="260">
      <subfield code="c">2025</subfield>
   </datafield>
   <datafield ind2=" " ind1=" " tag="520">
      <subfield code="a">Amb abundants fonts dels Archives Nationales de París, aquest text tracta, a partir del cas del Faisceau, la relació de l'emergència del feixisme francès i del veterà de guerra com un subjecte polític tenint en compte tres eixos. Primerament, que el projecte feixista forma part d'un espai contrarevolucionari que, des de la victòria del Cartel, va intentar organitzar políticament els excombatents. Segonament, quin va ser el suport dels veterans de guerra en la construcció del partit feixista. Per últim, la quin pes van tenir els excombatents com a militància en la presa de decisions de la directiva. Aquests tres aspectes porten a replantejar la narrativa de la "brutalització" com a clau explicativa de l'ascens al feixisme.</subfield>
   </datafield>
   <datafield ind2=" " ind1=" " tag="520">
      <subfield code="a">Considering sources from the Archives Nationales de Paris, this text addresses, starting from the Faisceau case, the relationship between the emergence of French fascism and the war veterans as a political subject from three axes. Firstly, that the fascist project is part of a counter-revolutionary space that, since the victory of the Cartel, tried to politically organize the veterans. Secondly, the support of the war veterans in the construction of the fascist party. Finally, to which extent former soldiers as part of the militancy influended the decision-making of the party. These three aspects lead to revisit the "brutalization" thesis as an explanatory interpretation of the rise to fascism.</subfield>
   </datafield>
   <datafield ind2=" " ind1=" " tag="520">
      <subfield code="a">A partir de fuentes de los Archivos Nacionales de París, este texto aborda, tomando el caso del caso Faisceau, la relación entre la emergencia del fascismo francés y los veteranos de guerra como sujeto político a partir de tres ejes. En primer lugar, que el proyecto fascista forma parte de un espacio contrarrevolucionario que, desde la victoria del Cartel, intentó organizar políticamente a los veteranos. En segundo lugar, el apoyo de los veteranos de guerra en la construcción del partido fascista. Por último, hasta qué punto los antiguos soldados, como parte de la militancia, influían en la toma de decisiones del partido. Estos tres aspectos llevan a revisar la tesis del «embrutecimiento» como interpretación explicativa del ascenso al fascismo.</subfield>
   </datafield>
   <datafield tag="653" ind2=" " ind1=" ">
      <subfield code="a">Faisceau</subfield>
   </datafield>
   <datafield tag="653" ind2=" " ind1=" ">
      <subfield code="a">Georges Valois</subfield>
   </datafield>
   <datafield tag="653" ind2=" " ind1=" ">
      <subfield code="a">Excombatent</subfield>
   </datafield>
   <datafield tag="653" ind2=" " ind1=" ">
      <subfield code="a">Feixisme</subfield>
   </datafield>
   <datafield tag="653" ind2=" " ind1=" ">
      <subfield code="a">Brutalització</subfield>
   </datafield>
   <datafield tag="653" ind2=" " ind1=" ">
      <subfield code="a">Experiència de guerra</subfield>
   </datafield>
   <datafield tag="653" ind2=" " ind1=" ">
      <subfield code="a">War veteran</subfield>
   </datafield>
   <datafield tag="653" ind2=" " ind1=" ">
      <subfield code="a">Fascism</subfield>
   </datafield>
   <datafield tag="653" ind2=" " ind1=" ">
      <subfield code="a">Brutalisation</subfield>
   </datafield>
   <datafield tag="653" ind2=" " ind1=" ">
      <subfield code="a">War experience</subfield>
   </datafield>
   <datafield tag="653" ind2=" " ind1=" ">
      <subfield code="a">Excombatiente</subfield>
   </datafield>
   <datafield tag="653" ind2=" " ind1=" ">
      <subfield code="a">Fascismo</subfield>
   </datafield>
   <datafield tag="653" ind2=" " ind1=" ">
      <subfield code="a">Brutalización</subfield>
   </datafield>
   <datafield tag="653" ind2=" " ind1=" ">
      <subfield code="a">Experiencia de guerra</subfield>
   </datafield>
   <datafield ind2="0" ind1="0" tag="245">
      <subfield code="a">Cicatrius que cremen : Excombatents i orígens del feixisme a França (1918-1928)</subfield>
   </datafield>
</record></metadata></record></GetRecord></OAI-PMH>